| 000 | 00813nam a22002297a 4500 | ||
|---|---|---|---|
| 999 |
_c216263 _d216263 |
||
| 005 | 20260211114845.0 | ||
| 008 | 260211b ||||| |||| 00| 0 eng d | ||
| 020 | _a9787107343650 | ||
| 040 |
_aUNZA _cUNZA _dRDA _eLibrary of Congress |
||
| 050 |
_aPR 3403.Z5 HAP 2020 _bC.1 |
||
| 100 | _9Defoe, Daniel | ||
| 245 |
_aHappy Reading Corner: _bclassic literature reading curriculum series; Sixth grade volume 2 _cDaniel Defoe; Translated into Chinese by Wang Jin |
||
| 260 |
_aBeijing: _bPeople's Education Press, _c2020 |
||
| 300 |
_a310p: _bill. |
||
| 336 | _aText | ||
| 337 | _aUnmediated | ||
| 338 | _aVolume | ||
| 630 | _2Crusoe, Robinson (Fictitious character) | ||
| 630 | _2Children's literature, English--History and criticism | ||
| 630 | _2Defoe, Daniel, 1661?-1731. Robinson Crusoe | ||
| 942 | _cBOOK | ||